K-pop/band group Bilderquiz - Statistiken

Allgemein
  • Dieses Quiz wurde 10 mal gespielt
  • Das Durchschnittsergebnis liegt bei 34 aus 101
Antwortstatistiken
Bildquiz Antwort % Korrekt
BTS
100%
New Jeans
100%
Stray Kids
100%
Ateez
88%
Blackpink
88%
Itzy
88%
TXT
88%
Aespa
75%
Babymonster
75%
Enhypen
75%
Red Velvet
75%
Twice
75%
Girls' Generation
63%
I-DLE
63%
Illit
63%
IVE
63%
Le sserafim
63%
Seventeen
63%
VIVIZ
63%
Everglow
50%
EXO
50%
KARD
50%
Mamamoo
50%
NCT127
50%
NCT DREAM
50%
Nmixx
50%
Astro
38%
BTOB
38%
Day6
38%
Dreamcatcher
38%
f(x)
38%
Gfriend
38%
GOT7
38%
Loona
38%
MEOVV
38%
Momoland
38%
MonstaX
38%
P1harmony
38%
Shinee
38%
The boyz
38%
Xdinary heroes
38%
Xikers
38%
XLOV
38%
Zerobaseone
38%
8TURN
25%
AKMU
25%
A.O.A
25%
DKB
25%
Kep1er
25%
Kickflip
25%
NU'EST
25%
ONEUS
25%
Onewe
25%
Orange Caramel
25%
PLAVE
25%
Rolling Quartz
25%
SuperM
25%
T-ARA
25%
Treasure
25%
TripleS
25%
AB6IX
13%
Ahof
13%
All(h)ours
13%
Big Ocean
13%
Blitzers
13%
bugAboo
13%
Busters
13%
Cherry Bullet
13%
Class:y
13%
Cravity
13%
DKZ
13%
Drippin
13%
E'LAST
13%
EVNNE
13%
HOT ISSUE
13%
Ichillin'
13%
I:Mond
13%
Justb
13%
Ladies code
13%
Lapillus
13%
LUMINOUS
13%
MIRAE
13%
NATURE
13%
Nine.i
13%
odd youth
13%
OhMyGirl
13%
One Pact
13%
ONF
13%
OnlyOneOf
13%
Pink Fantasy
13%
PIXY
13%
Primrose
13%
Purple Kiss
13%
QWER
13%
RIIZE
13%
Rocket Punch
13%
SISTAR
13%
TO1
13%
Tri.be
13%
verivery
13%
Wanna One
13%
Keine übereinstimmenden Quizze gefunden
Verteilung der Resultate
Anzahl Personen mit jedem Resultat
Perzentil nach korrekt beantworteten Fragen
Ihre Resultats-Entwicklung
Sie haben dieses Quiz noch nicht gespielt